000 00716nam a22002657a 4500
001 BR7603051
003 BR-BrBNA
005 20230928085013.0
007 ta
008 230509b bl.||||| |||| 00| 0 por d
040 _aBR-BrBNA
_bpor
_cBiblioteca Nacional de Agricultura
041 _a(Por)
072 _aC00; L00
_b6000
_b/G514
090 _ 6000 BR7603051
100 1 _aCesar, J.S.
245 1 _aRelatorios de assistencia tecnica [Avicultura; Extensao rural; Brasil]
260 3 _aCampo Belo, MG (Brasil):
_c1976.
300 _a30 p.
500 _a8 ref.
650 _aEXTENSAO RURAL
650 _aAVICULTURA
650 _aASSISTENCIA TECNICA
909 _a202309
_bLucia
_c55
_dLucia Elande
942 _cBK
999 _c22340
_d22340